000 00494nam a2200181Ia 4500
008 230917s9999||||xx |||||||||||||| ||und||
020 _cRS775
040 _e252518
_aMAIN
041 _aEnglish
082 _a006.37 S58I(4)
100 _aSonka, Milan
245 0 _aImage processing, analysis and machine vision
250 _a4th ed.
260 _aDelhi
_bCengage Learning India
_c2017
300 _axxxv, 870 p.
500 _a3373 24/12/2018 PBA18/839 31/12/2018 Main Budget
942 _cBK
999 _c29582
_d29582